Textbook on algae (Record no. 43208)

MARC details
000 -LEADER
fixed length control field 00397nam a2200169Ia 4500
008 - FIXED-LENGTH DATA ELEMENTS--GENERAL INFORMATION
fixed length control field 230917s9999||||xx |||||||||||||| ||und||
020 ## - ISBN
Price RS28
040 ## - CATALOGING SOURCE
-- 4527
Original cataloging agency VIVEKANANDA LIBRARY
041 ## - Language
-- English
082 ## - DDC NUMBER
Classification number 589.3 K96T
100 ## - MAIN ENTRY--PERSONAL NAME
Personal name Kumar, H D
245 #0 - TITLE STATEMENT
Title Textbook on algae
250 ## - EDITION STATEMENT
Edition statement 3rd ed.
260 ## - PUBLICATION, DISTRIBUTION, ETC. (IMPRINT)
Place of publication, distribution, etc New Delhi
Name of publisher, distributor, etc Affiliated East-West Press
Date of publication, distribution, etc 1982
300 ## - PHYSICAL DESCRIPTION
Pages x, 251 p.
942 ## - ADDED ENTRY ELEMENTS (KOHA)
Koha item type Books
Holdings
Withdrawn status Lost status Damaged status Not for loan Location (home branch) Sublocation or collection (holding branch) Date acquired Koha issues (times borrowed) Koha full call number Accession No. Koha date last seen Koha item type
        VIVEKANANDA LIBRARY VIVEKANANDA LIBRARY 08/08/2002 2 589.3 K96T 109638 09/10/2025 Books
© Designed and Maintained by Vivekananda Library, MDU Rohtak